<?xml version="1.0" encoding="UTF-8"?><?xml-stylesheet type="text/xsl" href="static/style.xsl"?><OAI-PMH xmlns="http://www.openarchives.org/OAI/2.0/" xmlns:xsi="http://www.w3.org/2001/XMLSchema-instance" xsi:schemaLocation="http://www.openarchives.org/OAI/2.0/ http://www.openarchives.org/OAI/2.0/OAI-PMH.xsd"><responseDate>2026-06-04T04:53:47Z</responseDate><request verb="GetRecord" identifier="oai:recam.amb.cat:20.500.14439/4696" metadataPrefix="marc">https://recam.amb.cat/rest/oai/request</request><GetRecord><record><header><identifier>oai:recam.amb.cat:20.500.14439/4696</identifier><datestamp>2026-04-23T08:54:44Z</datestamp><setSpec>com_20.500.14439_2794</setSpec><setSpec>com_20.500.14439_113</setSpec><setSpec>col_20.500.14439_4201</setSpec></header><metadata><record xmlns="http://www.loc.gov/MARC21/slim" xmlns:dcterms="http://purl.org/dc/terms/" xmlns:xsi="http://www.w3.org/2001/XMLSchema-instance" xmlns:doc="http://www.lyncode.com/xoai" xsi:schemaLocation="http://www.loc.gov/MARC21/slim http://www.loc.gov/standards/marcxml/schema/MARC21slim.xsd">
   <leader>00925njm 22002777a 4500</leader>
   <datafield ind2=" " ind1=" " tag="042">
      <subfield code="a">dc</subfield>
   </datafield>
   <datafield ind2=" " ind1=" " tag="720">
      <subfield code="a">Institut d'Estudis Regionals i Metropolitans de Barcelona</subfield>
      <subfield code="e">author</subfield>
   </datafield>
   <datafield ind2=" " ind1=" " tag="260">
      <subfield code="c">1994-11-01</subfield>
   </datafield>
   <datafield ind2=" " ind1=" " tag="520">
      <subfield code="a">Papers publica en aquest quadern els treballs que es presentaren en el seminari. En conjunt es publiquen set treballs, tot seguint l'esquema temàtic d'altres monografies territorials de la col·lecció. Així, el quadern s'obre amb un escrit introductori de Jordi Terrades, president del Consell Comarcal. Figuren, a continuació, dos treballs d'abast general: en el primer, el geògraf Josep Homs analitza la configuració del model territorial del Vallès Oriental a les darreres décades; i en el segon, l'arquitecte Jordi Casso -en un article que complementa i completa el seu treball aparegut en el número 17 de la col·lecció- presenta la situació del planejament urbanístic vigent. Segueixen tres anàlisis sectorials: sobre la política de sòl i habitatge, sobre els transports i la xarxa viària i sobre el medi ambient. Aquestes aportacions són obra, respectivament, de Ramon Torra, arquitecte; Jordi Prat, enginyer, i Jordi Bertran, també arquitecte. Com d'habitud, el quadern es clou amb un repertori estadístic de dades bàsiques de la comarca, preparat en aquest cas pels geògrats Jose Luis Flores i Joan Lopez.</subfield>
   </datafield>
   <datafield ind1="8" ind2=" " tag="024">
      <subfield code="a">8488068387</subfield>
   </datafield>
   <datafield ind1="8" ind2=" " tag="024">
      <subfield code="a">https://hdl.handle.net/20.500.14439/4696</subfield>
   </datafield>
   <datafield ind1="8" ind2=" " tag="024">
      <subfield code="a">B 43243-1994</subfield>
   </datafield>
   <datafield tag="653" ind2=" " ind1=" ">
      <subfield code="a">Urbanisme</subfield>
   </datafield>
   <datafield ind2="0" ind1="0" tag="245">
      <subfield code="a">El Vallès Oriental: planejament urbanístic i problemàtica territorial. Papers, 21</subfield>
   </datafield>
</record></metadata></record></GetRecord></OAI-PMH>